| 000 | 00604nam a2200241Ia 4500 | ||
|---|---|---|---|
| 005 | 20250425162113.0 | ||
| 008 | 250425s9999 xx 000 0 und d | ||
| 020 | _a0195159810 | ||
| 041 | _aspa | ||
| 082 | _a658.4 | ||
| 100 | _aCORNELIUS, PETER K EDITOR | ||
| 245 | 0 | _aTHE GLOBAL COMPETITIVENESS REPORT 2002-2003 | |
| 250 | _a1A ED. | ||
| 260 |
_aEstados Unidos _bOXFORD UNIVERSITY PRESS _c2003 |
||
| 260 | _aNEW YORK | ||
| 300 | _a10 | ||
| 650 | _aCOMPETITIVIDAD | ||
| 650 | _aDESARROLLO | ||
| 650 | _aINNOVACIONES | ||
| 710 | _aWORLD ECONOMIC FORUM | ||
| 942 | _c01 | ||
| 010 | _a50340 | ||
| 999 |
_c222394 _d222394 |
||